000 00264nam a2200121 i 4500
001 bg
245 0 _aParamagnitnyj rezonans :
_bWypysk 7.
260 _aKazan,
_c1971.
040 _cBPK
041 _apol
942 _cKS
008 s pl f |000 0 pol
999 _c14710
_d14710
856 _uhttp://koha.tu.koszalin.pl/cgi-bin/koha/opac-detail.pl?biblionumber=14710
_yKatalog online BPK